Lataa...

Accountability of public enterprises to parliament

Bibliografiset tiedot
Päätekijä: Gadhok, D N
Aineistotyyppi: Printed Book
Kieli:Undetermined
English
Julkaistu: India Sterling 1975
Aiheet:
LEADER 00560nam a2200181Ia 4500
008 140306s9999 xx 000 0 und d
041 |a eng 
082 |a 330  |b GAD/AC 
100 |a Gadhok, D N 
245 |a Accountability of public enterprises to parliament 
260 |a India  |b Sterling  |c 1975 
300 |a 140 
650 |a Committee 
650 |a Economics 
650 |a Public 
942 |2 ddc  |c BK 
999 |c 119760  |d 119760 
952 |0 0  |1 0  |2 ddc  |4 0  |6 330_000000000000000_GADAC  |7 0  |9 118941  |a KAUHCV  |b KAUHCV  |d 2004-05-05  |o 330 GAD/AC  |p KAU_HCV-14854  |r 2014-03-22  |w 2014-03-22  |y BK